Famous with Two First Names Quiz Stats

 Plays Quiz Updated Sep 17, 2014

Score 0/20 Timer 05:00
0 Plays Today
Hint Answer % Correct
Abraham Lincoln
96.9%
Matt(hew) Damon
89.9%
Steve Martin
86.5%
Anne Frank
84.5%
Michael Jordan
82%
Hugh Grant
79.2%
Jennifer Lawrence
70.5%
Anderson Cooper
68%
Elizabeth Taylor
67.8%
Joaquin Phoenix
59.9%
Hint Answer % Correct
Kevin James
57.4%
Grace Kelly
52.4%
Tony Bennett
52.3%
Tara Reid
48.3%
Charles Darwin
47%
Marc Anthony
41%
Aaron Paul
34.2%
Peter Jackson
30.4%
Lily Allen
29.5%
Lauren Graham
28.2%

You're not logged in!

Compare scores with friends on all Sporcle quizzes.
OR
Log In

Show Comments

Extras

Top Quizzes Today


Score Distribution

Your Account Isn't Verified!

In order to create a playlist on Sporcle, you need to verify the email address you used during registration. Go to your Sporcle Settings to finish the process.

Report this User

Report this user for behavior that violates our Community Guidelines.

Details: